| 000 | 00547nam a22001457a 4500 | ||
|---|---|---|---|
| 003 | NUST | ||
| 082 | _a621.38132,DUG | ||
| 100 |
_aDugger, William _9101376 |
||
| 245 |
_aBasic Electronics Systems Technology : _bCircuit Measurements Unit-7 / _cWilliam Dugger |
||
| 260 |
_aBRUCE Hills _b USA _c1973 |
||
| 300 | _a173 p | ||
| 505 | _aSystems (Page-1), System functions (Page-37), System measuring instruments (Page-69), DC Power sources (Page-105), AC system generators (Page-146), | ||
| 650 | _aTelecommunication Engineering | ||
| 942 |
_2ddc _cBK |
||
| 999 |
_c592473 _d592473 |
||